<?xml version="1.0" encoding="UTF-8"?>
<collection xmlns="http://www.loc.gov/MARC21/slim">
 <record>
  <leader>01387nam  2200337#c 4500</leader>
  <controlfield tag="001">UMA-15910</controlfield>
  <controlfield tag="003">UMA</controlfield>
  <controlfield tag="005">20230415    193848</controlfield>
  <controlfield tag="008">150204suuuu####us###########||||#0#spa#d</controlfield>
  <datafield tag="336" ind1=" " ind2=" ">
   <subfield code="a">texto</subfield>
  </datafield>
  <datafield tag="337" ind1=" " ind2=" ">
   <subfield code="a">no mediado</subfield>
  </datafield>
  <datafield tag="338" ind1=" " ind2=" ">
   <subfield code="a">volumen</subfield>
  </datafield>
  <datafield tag="901" ind1=" " ind2=" ">
   <subfield code="a">DVD2397</subfield>
  </datafield>
  <datafield tag="080" ind1=" " ind2=" ">
   <subfield code="a">791.43</subfield>
  </datafield>
  <datafield tag="092" ind1=" " ind2=" ">
   <subfield code="a">SEDE CENTRAL DVD2397</subfield>
  </datafield>
  <datafield tag="245" ind1=" " ind2=" ">
   <subfield code="a">Taxi driver</subfield>
   <subfield code="b">(1976)</subfield>
  </datafield>
  <datafield tag="100" ind1=" " ind2=" ">
   <subfield code="a">Scorsese</subfield>
   <subfield code="b">Martin</subfield>
  </datafield>
  <datafield tag="650" ind1=" " ind2=" ">
   <subfield code="a">Películas</subfield>
  </datafield>
  <datafield tag="650" ind1=" " ind2=" ">
   <subfield code="a">Cinematografía</subfield>
  </datafield>
  <datafield tag="650" ind1=" " ind2=" ">
   <subfield code="a">Films</subfield>
  </datafield>
  <datafield tag="650" ind1=" " ind2=" ">
   <subfield code="a">Materiales audiovisuales</subfield>
  </datafield>
  <datafield tag="650" ind1=" " ind2=" ">
   <subfield code="a">DVD</subfield>
  </datafield>
  <datafield tag="650" ind1=" " ind2=" ">
   <subfield code="a">Cine</subfield>
  </datafield>
  <datafield tag="650" ind1=" " ind2=" ">
   <subfield code="a">Filmoteca</subfield>
  </datafield>
  <datafield tag="650" ind1=" " ind2=" ">
   <subfield code="a">Realización audiovisual 1</subfield>
  </datafield>
  <datafield tag="650" ind1=" " ind2=" ">
   <subfield code="a">Biblioteca Central</subfield>
  </datafield>
  <datafield tag="041" ind1=" " ind2=" ">
   <subfield code="a">eng</subfield>
  </datafield>
  <datafield tag="044" ind1=" " ind2=" ">
   <subfield code="a">us#</subfield>
  </datafield>
  <datafield tag="500" ind1=" " ind2=" ">
   <subfield code="a">Argumento: Travis Bickle, un solitario e introvertido veterano de Vietnam, padece insomio, lo que le permite conseguir un trabajo como taxista nocturno en Nueva York. Con el tiempo, llega a conocer todos los ambientes de la ciudad, desde las mansiones residenciales a los barrios más sórdidos. En una ocasión, se enamora de una muchacha llamada Betsy ante la mismísima oficina de un candidato a la presidencia. A partir de ese día siempre detiene su coche en el lugar indicado con la esperanza de ver a su amada, al tiempo que en su cabeza va perfilando la idea de limpiar las calles de escoria.</subfield>
  </datafield>
  <datafield tag="300" ind1=" " ind2=" ">
   <subfield code="a">DVD (Película)</subfield>
  </datafield>
  <datafield tag="260" ind1=" " ind2=" ">
   <subfield code="a">Estados Unidos</subfield>
   <subfield code="b"> Columbia Pictures</subfield>
   <subfield code="c">1976</subfield>
  </datafield>
 </record>
</collection>
